00406 a2200109 4500001001000000005001700010008004100027245011400068100002900182773006800211999001700279ART_4068520260410161805.0260409a 10aLa interpretación e integración de la ley tributaria y las sociedades civiles profesionales desaparecidas1 aFernández, Fernanda M.0 tDoctrina Societaria y Concursalg- Nº 348 (nov. 2016)wREV4298 c20920d20920